| Tag |
First Indicator |
Second Indicator |
Subfields |
| LEADER |
00000nam a2200000 i 4500 |
| 001 |
in00005619213 |
| 003 |
OCoLC |
| 006 |
m o d |
| 007 |
cr ||||||||||| |
| 008 |
220101s2022 nyu ob 001 0 eng d |
| 005 |
20250816190657.4 |
| 019 |
|
|
|a 1290429894
|a 1290447551
|
| 020 |
|
|
|a 0197638295
|q electronic book
|
| 020 |
|
|
|a 9780197638293
|q electronic book
|
| 024 |
8 |
|
|a 90101170715
|
| 035 |
|
|
|a (OCoLC)1290482504
|z (OCoLC)1290429894
|z (OCoLC)1290447551
|
| 040 |
|
|
|a YDX
|b eng
|e rda
|c YDX
|d YDX
|d OCLCO
|d OCLCF
|d OCLCO
|d OCLCL
|d OCLCQ
|
| 050 |
|
4 |
|a U167.5.C92
|b F57 2022
|
| 082 |
0 |
4 |
|a 355.4028558
|2 23
|
| 100 |
1 |
|
|a Fischerkeller, Michael P.,
|e author.
|
| 245 |
1 |
0 |
|a Cyber persistence theory :
|b redefining national security in cyberspace /
|c Michael P. Fischerkeller, Emily O. Goldman, and Richard J. Harknett.
|
| 264 |
|
1 |
|a New York, NY :
|b Oxford University Press.,
|c [2022]
|
| 300 |
|
|
|a 1 online resource ( xii, 253 pages.) :
|
| 336 |
|
|
|a text
|b txt
|2 rdacontent
|
| 337 |
|
|
|a computer
|b c
|2 rdamedia
|
| 338 |
|
|
|a online resource
|b cr
|2 rdacarrier
|
| 490 |
1 |
|
|a Bridging the gap
|
| 504 |
|
|
|a Includes bibliographical references and index.
|
| 588 |
|
|
|a Description based on online resource; title from digital title page (viewed on June 09, 2022).
|
| 650 |
|
0 |
|a Cyberspace operations (Military science)
|
| 650 |
|
0 |
|a Cyberspace
|x Security measures
|x Government policy.
|
| 650 |
|
6 |
|a Cyberguerre (Science militaire)
|
| 650 |
|
7 |
|a Cyberspace operations (Military science)
|2 fast
|
| 655 |
|
7 |
|a Electronic books.
|2 local
|
| 700 |
1 |
|
|a Goldman, Emily O.,
|d 1961-
|e author.
|1 https://id.oclc.org/worldcat/entity/E39PCjC77dbWJx8gtkGPBvqytX
|
| 700 |
1 |
|
|a Harknett, Richard J.,
|d 1963-
|e author.
|1 https://id.oclc.org/worldcat/entity/E39PCjrmVrwydC7MX4v9tqxwfq
|
| 710 |
2 |
|
|a EBSCOhost
|
| 758 |
|
|
|i has work:
|a CYBER PRESENCE (Text)
|1 https://id.oclc.org/worldcat/entity/E39PD3GKVddKbXmMQmJyjfgfWP
|4 https://id.oclc.org/worldcat/ontology/hasWork
|
| 830 |
|
0 |
|a Bridging the gap (Oxford University Press)
|
| 856 |
4 |
0 |
|u http://proxy.library.tamu.edu/login?url=https://search.ebscohost.com/login.aspx?direct=true&scope=site&db=nlebk&db=nlabk&AN=3270226
|z Connect to the full text of this electronic book
|t 0
|
| 945 |
|
|
|a machinegen
|b 328410
|
| 955 |
|
|
|a YBP purchased firm e-records
|
| 980 |
|
|
|b usergen
|c 90101170715
|g 565752
|k USD
|m 238.55
|q 1
|s AcqMono Conventional
|t Purchase at vendor system
|u Vendor order reference number
|v ZYBP
|y grad - electronic
|z Electronic resource
|
| 999 |
f |
f |
|i b7b8e98c-b351-4827-a59a-a07821185d7d
|s 428cde35-e966-4103-965b-67ccb521d4fb
|t 0
|
| 952 |
f |
f |
|a Texas A&M University
|b College Station
|c Electronic Resources
|d Available Online
|t 0
|e U167.5.C92 F57 2022
|h Library of Congress classification
|
| 998 |
f |
f |
|a U167.5.C92 F57 2022
|t 0
|l Available Online
|